Ultra-fast ASP.NET 4.5 : (Record no. 18185)
[ view plain ]
| 000 -LEADER | |
|---|---|
| fixed length control field | 00870nam a22002537a 4500 |
| 005 - DATE AND TIME OF LATEST TRANSACTION | |
| control field | 20140330094919.0 |
| 008 - FIXED-LENGTH DATA ELEMENTS--GENERAL INFORMATION | |
| fixed length control field | 140330t2012 xxua frd 001 0 eng d |
| 020 ## - INTERNATIONAL STANDARD BOOK NUMBER | |
| International Standard Book Number | 9781430243380 |
| 082 04 - DEWEY DECIMAL CLASSIFICATION NUMBER | |
| Edition number | 22 |
| Classification number | 005.276 |
| Item number | KIE |
| 100 1# - MAIN ENTRY--PERSONAL NAME | |
| 9 (RLIN) | 35812 |
| Personal name | Kiessig, Richard |
| 245 10 - TITLE STATEMENT | |
| Title | Ultra-fast ASP.NET 4.5 : |
| Remainder of title | building ultra-fast and ultra-scalable web sites using ASP.NET and SQL Server 2012 / |
| Statement of responsibility, etc | Richard Kiessig. |
| 250 ## - EDITION STATEMENT | |
| Edition statement | 2nd ed. |
| 260 ## - PUBLICATION, DISTRIBUTION, ETC. (IMPRINT) | |
| Place of publication, distribution, etc | New York, United States : |
| Name of publisher, distributor, etc | Apress : |
| Date of publication, distribution, etc | c.2012. |
| 300 ## - PHYSICAL DESCRIPTION | |
| Extent | xxi, 437 p. : |
| Other physical details | ill. ; |
| Dimensions | 24 cm. |
| 490 1# - Series Statement | |
| Series statement | The expert’s voice in ASP.NET |
| 500 ## - GENERAL NOTE | |
| General note | Glossary : p. 421-424. |
| 500 ## - GENERAL NOTE | |
| General note | Index : p. 425-437. |
| 630 00 - SUBJECT ADDED ENTRY--UNIFORM TITLE | |
| 9 (RLIN) | 3379 |
| Uniform title | Active server pages |
| 650 #0 - SUBJECT ADDED ENTRY--TOPICAL TERM | |
| 9 (RLIN) | 3381 |
| Topical term or geographic name as entry element | Microsoft .NET |
| 653 ## - INDEX TERM--UNCONTROLLED | |
| Resource For college | Informatics and Computer Science |
| Arrived date list | March2014 |
| 655 ## - INDEX TERM--GENRE/FORM | |
| Form subdivision | |
| -- | 34232 |
| 830 #4 - SERIES ADDED ENTRY--UNIFORM TITLE | |
| Uniform title | The expert’s voice in ASP.NET |
| 942 ## - ADDED ENTRY ELEMENTS (KOHA) | |
| Source of classification or shelving scheme | Dewey Decimal Classification |
| Call number prefix | 005.276 KIE |
| Withdrawn status | Item status | Source of classification or shelving scheme | Damaged status | Not for loan | Vendor | Home library | Current library | Shelving location | Date acquired | Source of acquisition | Cost, normal purchase price | Total Checkouts | Full call number | Barcode | Date last seen | Date last borrowed | Cost, replacement price | Koha item type |
|---|---|---|---|---|---|---|---|---|---|---|---|---|---|---|---|---|---|---|
| Dewey Decimal Classification | Baccah | Central Library | Central Library | Lower Floor | 30/03/2014 | 480.00 | 1 | 005.276 KIE | 000035826 | 15/07/2025 | 14/06/2015 | 600.00 | Book - Borrowing |